00906 2200325 4500001002100000005001500021035002000036007000300056040001700059100003200076245007000108250001000178300003400188020001800222041000800240082001000248084001600258090002300274264003800297336002100335337003000356338002300386650002300409850001000432008004100442504002600483700003300509990002200542990001600564INLIS00000000000943920260420022548 a0010-1222000044ta aSBPUPADbind0 aMuhammad Rasyaf:ePengarang1 aBeternak Ayam kampung /cMuhammad rasyaf:Editor:Hendi Ferdiansyah aCet.4 aiv 268 hlm. :bilus. ;c23 cm a979-002-488-60 aind a636.5 a636.5 MUH b a639 RON b L 19 R 9 aJakarta :bPenebar Swadaya,c2014 2rdacontentateks 2rdamediaatanpa perantara 2rdacarrieravolume 4aTeknologi terampil aPUPAD260420 0  abibiliografi, hlm 266 aHendi FerdiansyahePengarang a24.359/H/DPK/2017 a1055/B/2013